|
|
|
|
| LEADER |
00976nam a2200277 a 4500 |
| 001 |
2957 |
| 003 |
BD-DhAAL |
| 005 |
20150309114531.0 |
| 008 |
150309s1994 nyua 001 0 eng |
| 010 |
|
|
|a 93029367
|
| 020 |
|
|
|a 0471006300 (cloth : acidfree paper)
|
| 040 |
|
|
|a DLC
|c DLC
|d DLC
|d BD-DhAAL
|
| 050 |
0 |
0 |
|a HF5549.5.R44
|b D67 1994
|
| 082 |
0 |
0 |
|a 658.3/11
|2 20
|
| 100 |
1 |
|
|a Dorio, Marc A.
|9 9272
|
| 245 |
1 |
0 |
|a Staffing problem solver for human resource professionals and managers /
|c Marc Dorio.
|
| 260 |
|
|
|a New York :
|b Wiley,
|c c1994.
|
| 300 |
|
|
|a xii, 288 p. :
|b ill. ;
|c 24 cm.
|
| 500 |
|
|
|a Includes index.
|
| 541 |
|
|
|e 2957
|
| 650 |
|
0 |
|a Employees
|x Recruiting.
|9 9273
|
| 650 |
|
0 |
|a Employee selection.
|9 8932
|
| 650 |
|
0 |
|a Personnel management.
|9 9274
|
| 942 |
|
|
|2 ddc
|c BK
|
| 999 |
|
|
|c 33941
|d 33941
|
| 952 |
|
|
|0 0
|1 0
|2 ddc
|4 0
|6 658_311000000000000_DOR
|7 0
|9 52976
|a SCL
|b SCL
|c GEN
|d 2015-03-09
|e Gift: The Asia Foundation
|l 0
|o 658.311 DOR
|p 3020002957
|r 2015-03-09
|t 1
|w 2015-03-09
|y BK
|